Central Library OPAC University of Rajshahi

আজাদ না কয়েদ / (Record no. 56424)

MARC details
000 -LEADER
fixed length control field 00744nam a2200217 a 4500
001 - CONTROL NUMBER
control field 56424
003 - CONTROL NUMBER IDENTIFIER
rucl marc code BD-RjUL
005 - DATE AND TIME OF LATEST TRANSACTION
control field 20211209080408.0
008 - FIXED-LENGTH DATA ELEMENTS--GENERAL INFORMATION
fixed length control field 161129s1967 bg ||||| |||| 00| 0 ben d
035 ## - SYSTEM CONTROL NUMBER
System control number (BD-RjUL)56548
040 ## - CATALOGING SOURCE
Original cataloging agency BD-RjUL
Language of cataloging ben
Transcribing agency BD-RjUL
041 ## - LANGUAGE CODE
Language code of text/sound track or separate title ben
082 ## - DEWEY DECIMAL CLASSIFICATION NUMBER
Edition number 23
Classification number 891.442
Author mark and year MAA 1967
100 ## - MAIN ENTRY--PERSONAL NAME
Personal name মাহমুদ, সুলতান
9 (RLIN) 135320
245 10 - TITLE STATEMENT
Title আজাদ না কয়েদ /
Statement of responsibility, etc. সুলতান মাহমুদ
260 ## - PUBLICATION, DISTRIBUTION, ETC. (IMPRINT)
Place of publication, distribution, etc. নোয়াখালী :
Name of publisher, distributor, etc. তাজ লাইব্রেরী,
Date of publication, distribution, etc. ১৯৬৭
300 ## - PHYSICAL DESCRIPTION
Pagination ৯৫ পৃ. ;
Size ১৭ সেমি .
650 ## - SUBJECT ADDED ENTRY--TOPICAL TERM
Topical term or geographic name as entry element বাংলা নাটক
9 (RLIN) 167841
Topical term or geographic name as entry element Bengali Drama
9 (RLIN) 167842
942 ## - ADDED ENTRY ELEMENTS (KOHA)
Source of classification or shelving scheme Dewey Decimal Classification
Koha item type Books
Holdings
Lost status Source of classification or shelving scheme Damaged status Not for loan Collection code Permanent Location Current Location Shelving location Date acquired Source of acquisition Cost, normal purchase price Total Checkouts Full call number Date last seen Copy number Koha item type
  Dewey Decimal Classification     Non-fiction Central Library, University of Rajshahi Central Library, University of Rajshahi   24/10/1968 Prantic, Rajshahi 2.00   B 891.442 MAA 1967 29/11/2016 C-2 Books
  Dewey Decimal Classification     Non-fiction Central Library, University of Rajshahi Central Library, University of Rajshahi   24/10/1968 Prantic, Rajshahi 2.00   B 891.442 MAA 1967 29/11/2016 C-3 Books